| 000 | 00810nam a2200253 i 4500 | ||
|---|---|---|---|
| 001 | 96629 | ||
| 003 | ES-MaACL | ||
| 005 | 20251002195127.0 | ||
| 007 | t| | ||
| 008 | 050629s1925 sp ||||1| spa d | ||
| 080 | _a329.12(460)"18" | ||
| 080 | _a35(460).071.55 | ||
| 080 | _a913(460.222) | ||
| 100 | 1 |
_aMallada, Lucas ( _d1841-1921) _975787 |
|
| 245 | 1 | 0 |
_aPáginas selectas / _cLucas Mallada; con una noticia preliminar por D. Ricardo del Arco. |
| 260 |
_aHuesca : _bV. Campo, _c1925. |
||
| 300 |
_a98 p. ; _c21 cm. |
||
| 650 | 0 | 4 |
_aRegeneracionismo _916742 |
| 651 | 4 |
_aEspaña- _xDivisiones territoriales. _98189 |
|
| 651 | 4 |
_aHuesca- _xDescripción. _9149080 |
|
| 700 | 1 |
_aArco y Garay, Ricardo del, _d1888-1955 _922507 |
|
| 852 |
_aES-MaACL _j1688-F-2 _bR.5099 |
||
| 999 |
_c96629 _d96629 |
||